00293nam a2200121Ia 4500008004100000082001500041100001400056245003000070250000800100260004700108300000800155650000800163191201s2011 xx 000 0 und d a658.3bBHH aBHATIA,SK 0aHuman Resource Management aRep aN. DelhibDeep and Deep Publicationsc2011 a932 aBBA